000 00406cam a22001337a 4500
008 180718b2007 xxu||||| |||| 00| 0 eng d
082 _aA81x54 01/10A/A
100 _aCensus of India 2001
245 _aUttar Pradesh: administrative atlas
260 _aDelhi
_bThe Controller of Publications
_c2007
300 _a2v.
500 _aContents: v.1. 572p.;v.2. 585p.
650 _aUttar Pradesh - Atlases - India
999 _c491907
_d491907